000 00722cam a2200241 4500500
005 20260405003625.0
041 _afre
042 _adc
100 1 0 _aGherardi, Sophie
_eauthor
245 0 0 _aConstantin Sigov : “Ce qui se joue en Ukraine, c’est la défense de la vérité”
260 _c2023.
500 _a65
690 _aConstantin Sigov
690 _acourage
690 _aGuerre
690 _aInvasion
690 _aRésistance
690 _aRussie
690 _aUkraine
690 _aVérité
786 0 _nPhilosophie magazine | 166 | 1 | 2023-02-01 | p. 10-10 | 1951-1787
856 4 1 _uhttps://shs.cairn.info/magazine-philosophie-magazine-2023-1-page-10?lang=fr&redirect-ssocas=7080
999 _c2069388
_d2069388